000 01020nam a22003017a 4500
003 DO-SdBNP
005 20250729103604.0
007 ta
008 250729b2001 dr ||||| |||| 00| 0 spa d
040 _aDO-SdBNP
_bspa
_cBNPHU
_erda
041 _aspa
082 4 _aRD863.44
_bS113c 2001
_222
100 1 _aSaba, Ramón,
_d1948-
_eautor
_4aut.
_955284
245 1 0 _aCuentos para noches de luna llena /
_cRamón Saba ; prólogo, Emilia Pereyra.
250 _aPrimera edición
264 1 _aSanto Domingo, República Dominicana :
_beditor no identificado,
_c2001.
300 _a36 páginas ;
_c14 cm.
336 _atexto
_btxt
_2rdacontent
337 _asin mediación
_bn
_2rdamedia
338 _avolumen
_bnc
_2rdacarrier
500 _aIncluye datos biográficos del autor en la solapa de cubierta
590 _aInventariado, 2025/BT
650 4 _aCuentos dominicanos
_9176
650 4 _aLiteratura dominicana.
_967
700 1 _aPereyra, Emilia,
_eprologuista
_4pr.
_9478
910 _aBtavárez
942 _2ddc
_cLBS1
999 _c59668
_d59668